FIFA World Cup 2022 Teams - Statistics

General Stats
  • This quiz has been taken 318 times
    292 since last reset
  • The average score is 27 of 32
Answer Stats
Date Answer Confederation % Correct
Group C Argentina CONMEBOL
94%
Group B England UEFA
93%
Group G Brazil CONMEBOL
92%
Group D France UEFA
92%
Group H Portugal UEFA
92%
Group A Qatar AFC
91%
Group E Spain UEFA
91%
Group E Germany UEFA
90%
Group C Mexico CONCACAF
90%
Group A Netherlands UEFA
89%
Group B United States CONCACAF
89%
Group A Senegal CAF
86%
Group E Japan AFC
85%
Group C Poland UEFA
85%
Group C Saudi Arabia AFC
85%
Group F Belgium UEFA
84%
Group D Australia AFC
82%
Group F Canada CONCACAF
81%
Group A Ecuador CONMEBOL
81%
Group F Morocco CAF
81%
Group F Croatia UEFA
80%
Group D Denmark UEFA
79%
Group B Iran AFC
79%
Group H Uruguay CONMEBOL
79%
Group B Wales UEFA
79%
Group H South Korea AFC
78%
Group E Costa Rica/New Zealand CONCACAF/OFC
75%
Group H Ghana CAF
75%
Group G Switzerland UEFA
74%
Group G Serbia UEFA
70%
Group G Cameroon CAF
69%
Group D Tunisia CAF
66%
No matching quizzes found
Score Distribution
Percent of People with Each Score
Percentile by Number Answered
Your Score History
You have not taken this quiz since the last reset